Bande dessinées à leur auteur. - Statistiques

Statistiques générales
  • Ce quiz a été pris 154 fois
  • Le résultat moyen est 7 sur 14
Statistiques - réponses
Bande dessinée Auteur % Correct
Albert Uderzo
98%
Tintin, Quick et Flupke, Jo, Zette et Jocko Hergé
92%
Astérix René Goscinny
92%
Lucky Luke Morris
79%
Marsupilami André Franquin
76%
Les Schtroumpfs, Johan et Pirlouit, Benoît Brisefer Peyo
76%
Raoul Cauvin
42%
Blake et Mortimer Edgar P. Jacobs
40%
Alix, Lefranc, Jhen Jacques Martin
37%
Spirou et Fantasio Rob-Vel
22%
Michel Vaillant Jean Graton
21%
Les Tuniques Bleues Louis Salvérius
18%
Pica
14%
Les Profs Erroc
11%
Aucun quiz correspondant
Distribution des résultats
% des personnes avec chaque résultat
Percentile par nombre de réponses
Votre historique - résultats
Vous n’avez pas pris ce quiz